Normal view
MARC view
Entry Genre/Form Term
001 - CONTROL NUMBER
- control field: 6902
003 - CONTROL NUMBER IDENTIFIER
- control field: ARRUPE
005 - DATE AND TIME OF LATEST TRANSACTION
- control field: 20140122112339.0
008 - FIXED-LENGTH DATA ELEMENTS
- fixed length control field: 140122|| aca||aabn | a|a d
040 ## - CATALOGING SOURCE
- Original cataloging agency: ARRUPE
- Transcribing agency: ARRUPE
155 ## - HEADING--GENRE/FORM TERM
- Genre/form term: Historical fiction.
670 ## - SOURCE DATA FOUND
- Source citation: Work cat.: (ARRUPE)0: Furst, Alan. 6898, Spies of the Balkans :, 2010.